| 000 | 00652mam a2200193 a 4500 | ||
|---|---|---|---|
| 020 | _a0070119783 | ||
| 082 | 0 | 0 |
_a691 _bBYN _cL-NUST-01, P-44 |
| 100 | 1 |
_aBynum, Richard T. _945312 |
|
| 245 | 1 | 0 |
_aHandbook of alternative materials in residential construction / _cRichard T. Bynum, Jr., Daniel L. Rubino. |
| 260 |
_aNew York : _bMcGraw-Hill, _cc1998. |
||
| 300 |
_a1 v. (various pagings) : _bill. ; _c24 cm. |
||
| 526 |
_a0 _b0 _c0 _d691_000000000000000_BYN |
||
| 650 | 0 |
_aAppropriate technology. _94905 |
|
| 650 | 0 | _aBuilding materials. | |
| 650 | 0 | _aHouse construction. | |
| 650 | 0 |
_aMCE _9379 |
|
| 700 | 1 |
_aRubino, Daniel L. _945313 |
|
| 942 |
_2ddc _cBK |
||
| 999 |
_c548866 _d548866 |
||